<?xml version="1.0" encoding="UTF-8"?><?xml-stylesheet type="text/xsl" href="static/style.xsl"?><OAI-PMH xmlns="http://www.openarchives.org/OAI/2.0/" xmlns:xsi="http://www.w3.org/2001/XMLSchema-instance" xsi:schemaLocation="http://www.openarchives.org/OAI/2.0/ http://www.openarchives.org/OAI/2.0/OAI-PMH.xsd"><responseDate>2026-06-01T19:48:10Z</responseDate><request verb="GetRecord" identifier="oai:riuma.uma.es:10630/31329" metadataPrefix="marc">https://riuma.uma.es/rest/oai/request</request><GetRecord><record><header><identifier>oai:riuma.uma.es:10630/31329</identifier><datestamp>2026-02-03T11:06:39Z</datestamp><setSpec>com_10630_2254</setSpec><setSpec>col_10630_37953</setSpec></header><metadata><record xmlns="http://www.loc.gov/MARC21/slim" xmlns:dcterms="http://purl.org/dc/terms/" xmlns:doc="http://www.lyncode.com/xoai" xmlns:xsi="http://www.w3.org/2001/XMLSchema-instance" xsi:schemaLocation="http://www.loc.gov/MARC21/slim http://www.loc.gov/standards/marcxml/schema/MARC21slim.xsd">
   <leader>00925njm 22002777a 4500</leader>
   <datafield ind2=" " ind1=" " tag="042">
      <subfield code="a">dc</subfield>
   </datafield>
   <datafield ind2=" " ind1=" " tag="720">
      <subfield code="a">Vázquez-Fariñas, María</subfield>
      <subfield code="e">author</subfield>
   </datafield>
   <datafield ind2=" " ind1=" " tag="720">
      <subfield code="a">Sampaio, Maria da Luz</subfield>
      <subfield code="e">author</subfield>
   </datafield>
   <datafield ind2=" " ind1=" " tag="720">
      <subfield code="a">Castro Valdivia, Mariano</subfield>
      <subfield code="e">author</subfield>
   </datafield>
   <datafield ind2=" " ind1=" " tag="720">
      <subfield code="a">Matés Barco, Juan Manuel</subfield>
      <subfield code="e">author</subfield>
   </datafield>
   <datafield ind2=" " ind1=" " tag="260">
      <subfield code="c">2024-01-27</subfield>
   </datafield>
   <datafield ind2=" " ind1=" " tag="520">
      <subfield code="a">El presente artículo ofrece un análisis comparativo de las empresas del gas existentes en la Península Ibérica a lo largo de la segunda mitad del siglo XIX. Para ello, se ha buscado información sobre esta materia en archivos, bibliotecas y hemerotecas. Concretamente, el trabajo estudia el origen de este sector en España y Portugal en la década de los cuarenta y el proceso de consolidación de esta industria hasta finales de la centuria decimonónica, analizando las principales características del mismo, las empresas dedicadas a este negocio y el proceso de introducción de la iluminación por gas en dichos territorios.</subfield>
   </datafield>
   <datafield ind1="8" ind2=" " tag="024">
      <subfield code="a">Vázquez-Fariñas, M.; Sampaio, M.L.; Castro-Valdivia, M.; Matés-Barco, J.M. (2024): "Las empresas de gas en España y Portugal en la segunda mitad del siglo XIX: orígenes y consolidación". Vegueta: Anuario de la Facultad de Geografía e Historia, 24(1), 65-96.</subfield>
   </datafield>
   <datafield ind1="8" ind2=" " tag="024">
      <subfield code="a">https://hdl.handle.net/10630/31329</subfield>
   </datafield>
   <datafield ind1="8" ind2=" " tag="024">
      <subfield code="a">10.51349/veg.2024.1.04</subfield>
   </datafield>
   <datafield tag="653" ind2=" " ind1=" ">
      <subfield code="a">Gas - Industria - España - 1851-1900</subfield>
   </datafield>
   <datafield tag="653" ind2=" " ind1=" ">
      <subfield code="a">Gas - Industria - Portugal - 1851-1900</subfield>
   </datafield>
   <datafield ind2="0" ind1="0" tag="245">
      <subfield code="a">Las empresas de gas en España y Portugal en la segunda mitad del siglo XIX: orígenes y consolidación.</subfield>
   </datafield>
</record>
</metadata></record></GetRecord></OAI-PMH>